Vývoj a medziročné porovnanie ukazovateľov poistného trhu

Objem zahraničného kapitálu investovaného do poisťovníctva na Slovensku ku koncu roka 2003, celkový podiel zahraničného kapitálu na základnom imaní všetkých poisťovní, podiel jednotlivých štátov na zahraničnom kapitále.

Salvato in:
Dettagli Bibliografici
Autore principale: Kudláček, Peter
Natura: Capitolo di libro
Lingua:slovacco
Soggetti:
Tags: Aggiungi Tag
Nessun Tag, puoi essere il primo ad aggiungerne!!

MARC

LEADER 00000naa$a2200000$$$4500
001 0007912
005 20230918115519.9
041 0 |a slo 
044 |a SK 
245 1 0 |a Vývoj a medziročné porovnanie ukazovateľov poistného trhu  |c aut. Peter Kudláček 
520 |a Objem zahraničného kapitálu investovaného do poisťovníctva na Slovensku ku koncu roka 2003, celkový podiel zahraničného kapitálu na základnom imaní všetkých poisťovní, podiel jednotlivých štátov na zahraničnom kapitále. 
610 2 0 |a poisťovníctvo 
610 2 0 |a Slovensko 
610 2 0 |a trh poistný 
610 2 0 |a kapitál zahraničný 
610 2 0 |a akcionári 
610 2 0 |a poistné 
100 1 |a Kudláček, Peter